Los indios de Quisqueya / (Record no. 23896)
[ view plain ]
| 000 -CABECERA | |
|---|---|
| campo de control de longitud fija | 01556nam a2200265 a 4500 |
| 001 - NÚMERO DE CONTROL | |
| campo de control | 000024403 |
| 005 - FECHA Y HORA DE LA ÚLTIMA TRANSACCIÓN | |
| campo de control | 20240925085245.0 |
| 008 - DATOS DE LONGITUD FIJA--INFORMACIÓN GENERAL | |
| campo de control de longitud fija | 110113s1988 dr a 001 0 spa d |
| 040 ## - FUENTE DE LA CATALOGACIÓN | |
| Centro catalogador/agencia de origen | DO-SdBNP |
| Lengua de catalogación | spa |
| Centro/agencia transcriptor | BNPHU |
| 082 ## - NÚMERO DE LA CLASIFICACIÓN DECIMAL DEWEY | |
| Número de clasificación | 972.9301 |
| Número de documento/Ítem | T231, 1988 |
| 049 ## - FONDOS LOCALES (OCLC) | |
| Fondos de biblioteca | BNPD |
| 049 ## - FONDOS LOCALES (OCLC) | |
| Fondos de biblioteca | BNPD |
| 100 1# - ENTRADA PRINCIPAL--NOMBRE DE PERSONA | |
| Nombre de persona | Tavares K., Juan Tomás, |
| Fechas asociadas al nombre | 1953- |
| 9 (RLIN) | 48925 |
| 245 14 - MENCIÓN DE TÍTULO | |
| Título | Los indios de Quisqueya / |
| Mención de responsabilidad, etc. | Juan Tomás Tavares K. |
| 250 ## - MENCIÓN DE EDICIÓN | |
| Mención de edición | 4a ed. |
| 260 ## - PUBLICACIÓN, DISTRIBUCIÓN, ETC. | |
| Lugar de publicación, distribución, etc. | Santo Domingo : |
| Nombre del editor, distribuidor, etc. | Editora Taller, |
| Fecha de publicación, distribución, etc. | 1988. |
| 300 ## - DESCRIPCIÓN FÍSICA | |
| Extensión | 63 P. : |
| Otras características físicas | il., map. ; |
| Dimensiones | 24 cm. |
| 490 1# - MENCIÓN DE SERIE | |
| Mención de serie | Biblioteca Taller ; |
| Designación de volumen o secuencia | no. 256 |
| 505 0# - NOTA DE CONTENIDO CON FORMATO | |
| Nota de contenido con formato | La sociedad Taína al tiempo del descubrimiento -- Los Taínos -- Tipo físico -- Vestimenta -- Vivienda -- Conocimientos técnicos -- Agricultura y alimentación -- Armas y costumbres guerreras -- Creencias religiosas -- Areitos -- El juego de pelota -- Organización político-social -- El Cacique -- Historia de los taínos después del descubrimiento -- Primer encuentro de los taínos con los españoles : Guacanagaríx -- La captura de Caonabo -- La fundación de la ciudad de Santo Domingo -- Guarionex y Mayobanex -- Matanza de Jaragua y muerte de Anacaona -- Hatuey -- La guerra de Higüey. Muerte de Cotubanama -- Enriquillo: La rebelión del Bahoruco -- Defensa de los Indios |
| 650 #4 - PUNTO DE ACCESO ADICIONAL DE MATERIA--TÉRMINO DE MATERIA | |
| Término de materia o nombre geográfico como elemento de entrada | Taínos |
| 9 (RLIN) | 1856 |
| 650 #4 - PUNTO DE ACCESO ADICIONAL DE MATERIA--TÉRMINO DE MATERIA | |
| Término de materia o nombre geográfico como elemento de entrada | Indígenas de santo domingo |
| 9 (RLIN) | 44222 |
| 650 #4 - PUNTO DE ACCESO ADICIONAL DE MATERIA--TÉRMINO DE MATERIA | |
| Término de materia o nombre geográfico como elemento de entrada | Taínos |
| Subdivisión general | Vida social y costumbres |
| 9 (RLIN) | 44131 |
| 651 #0 - PUNTO DE ACCESO ADICIONAL DE MATERIA--NOMBRE GEOGRÁFICO | |
| Nombre geográfico | República Dominicana -- |
| Subdivisión general | Historia -- |
| Subdivisión cronológica | Descubrimiento y conquista, 1492-1503 |
| 9 (RLIN) | 255 |
| 830 #0 - PUNTO DE ACCESO ADICIONAL DE SERIE-TÍTULO UNIFORME | |
| Título uniforme | Biblioteca Taller ; |
| Designación de volumen o secuencia | no. 256 |
| 9 (RLIN) | 164 |
| Estado de retiro | Estado de pérdida | No para préstamo | Código de colección | Localización permanente | Ubicación/localización actual | Ubicación en estantería | Fecha de adquisición | Número de inventario | Total de préstamos | Signatura topográfica completa | Código de barras | Fecha visto por última vez | Precio válido a partir de | Tipo de ítem Koha | Número de copia |
|---|---|---|---|---|---|---|---|---|---|---|---|---|---|---|---|
| Excluido de préstamo | Patrimonio Dominicano | Patrimonio Dominicano | Patrimonio Dominicano | Depósito | 27.01.2011 | LF1 | 972.9301 T231, 1988 | 24403-10 | 25.06.2020 | 25.06.2020 | Libro y Folleto Colección Patrimonio Dominicano | ||||
| Extraviado | Excluido de préstamo | Patrimonio Dominicano | Patrimonio Dominicano | Patrimonio Dominicano | Extraviado | 27.01.2011 | LF1 | 972.9301 T231, 1988 | 24403-20 | 25.06.2020 | 25.06.2020 | Libro y Folleto Colección Patrimonio Dominicano | e. 2 | ||
| Patrimonio Dominicano | Patrimonio Dominicano | Patrimonio Dominicano | Orden iniciada | 14.04.2015 | LF1 | 972.9301 T231, 1988 | 24403-30 | 25.06.2020 | 25.06.2020 | Libro y Folleto Colección Patrimonio Dominicano |
